[Event "Enghien les Bains 3rd"]
[Site "Enghien les Bains"]
[Date "1999.03.05"]
[Round "3"]
[White "Rausis, Igors"]
[Black "Ponomariov, Ruslan"]
[Result "1/2-1/2"]
[WhiteElo "2508"]
[BlackElo "2609"]
[Annotator "Avrukh,B"]
[PlyCount "88"]
[EventDate "1999.03.03"]
[EventType "tourn"]
[EventRounds "9"]
[EventCountry "FRA"]
[EventCategory "15"]
[SourceTitle "CBM 070"]
[Source "ChessBase"]
[SourceDate "1999.06.08"]
[SourceVersion "1"]
[SourceVersionDate "1999.06.08"]
[SourceQuality "1"]

1. Nf3 {Finkel,A} d5 2. d4 c5 3. dxc5 e6 4. Be3 $5 (4. e3 Nc6 5. c4 Nf6 6. a3
Bxc5 7. b4 Be7 8. Bb2 O-O 9. Nbd2 a6 10. c5 $5 Qc7 11. Nd4 e5 $132 {Cruz,
R-Benko,F/ARG-ch 1960 (34)}) (4. b4 $5 a5 5. c3 axb4 6. cxb4 b6 7. e4 bxc5 8.
Bb2 $5 $13 {Piskov,Y-Magomedov,M/Cappelle op 1994}) (4. Bg5 $5 Nf6 (4... f6 5.
Bd2 Bxc5 6. c4 Ne7 7. e3 O-O 8. Nc3 Nbc6 9. cxd5 Nxd5 10. Qb1 $5 f5 11. Be2 Qe7
12. O-O $14 {Hort,V-Polgar,Z/Biel 1987 (47)}) 5. e4 (5. c4 $6 Bxc5 6. e3 Qa5+
7. Nbd2 Ne4 8. cxd5 exd5 9. Bf4 Bg4 $36 {Djurkovic,M-Susnik,M/SLO-sf 1994}) (5.
e3 Bxc5 6. c3 Nc6 7. Nbd2 a6 8. Be2 Be7 9. O-O O-O 10. Qc2 Bd7 11. Rad1 Rc8 $11
{Hobart,S-Levin,D/World op 1992 (26)}) 5... Bxc5 6. e5 $5 Bxf2+ 7. Ke2 Qb6 8.
exf6 gxf6 9. Bc1 Bd7 10. Nc3 Na6 $44 {[%csl Re2] Kramnik,V-Seirawan,Y/Monaco
Amber blind 1994}) 4... Nd7 (4... Na6 5. c4 Nf6 6. Nc3 Bxc5 7. Bxc5 Nxc5 8.
cxd5 exd5 9. g3 O-O 10. Bg2 Nce4 11. O-O Nxc3 12. bxc3 Bd7 $11 {Nikolic,
P-Seirawan,Y/Barcelona WCup 1989 (44)}) 5. c4 Nxc5 ({Not so good is} 5... dxc4
$6 6. Qa4 $5 (6. Na3 Qa5+ $5 7. Bd2 (7. Qd2 Qxd2+ 8. Nxd2 (8. Bxd2 Bxc5 9. Nxc4
Ngf6 10. Rd1 O-O 11. e3 $11) 8... c3 9. bxc3 Bxc5 10. Nb5 Ke7 11. Bxc5+ Nxc5
12. Nb3 Ne4 $13) 7... Qxc5 8. Qa4 a6 9. Qxc4 b5 10. Qb3 Ngf6 $11) 6... Qc7 7.
Nc3 Bxc5 8. Qxc4 (8. Bxc5 Qxc5 9. e3 Ngf6 10. Bxc4 O-O $11) 8... Bb6 9. Qxc7
Bxc7 10. Nb5 Ba5+ 11. Bd2 $14 {and white siezes the initiative in the endgame.}
) 6. Nc3 Nf6 7. g3 Be7 8. Bg2 O-O 9. cxd5 exd5 10. O-O Bg4 $5 {Provoking white
to play 11.h3 depriving white bishop very comfortable position.} (10... Be6 $6
11. Nd4 Rc8 12. Rc1 a6 13. Nxe6 fxe6 14. Bh3 $14 {[%cal Gh3c8]}) 11. h3 Be6 12.
Nd4 Rc8 13. Rc1 a6 14. Rc2 $6 {Starting to play passively.Serious attention
deserved} (14. b4 $5 Ncd7 (14... Nce4 15. Nxe4 Nxe4 16. a3 (16. Nxe6 fxe6 17.
Bxe4 dxe4 18. Rxc8 Qxc8 19. a3 Qc6 $11) 16... Nd6 17. Nxe6 fxe6 18. Rxc8 Qxc8
19. Bc5 $14) 15. a3 Nb6 16. Qb3 Nc4 17. Bg5 h6 18. Bxf6 Bxf6 19. Rfd1 $14 {
with better chanses.}) 14... b5 15. a3 Qd7 16. Kh2 Rfd8 17. Rd2 Qb7 $5 18. Qb1
(18. Nxe6 fxe6 19. Bd4 a5 20. Re1 b4 21. axb4 axb4 22. Na4 Ncd7 $132 {[%csl
Ra4]}) 18... Nce4 19. Nxe4 Nxe4 (19... dxe4 $2 20. Nxe6 fxe6 21. Rfd1 $16 {
[%csl Re4]}) 20. Rd3 Bd7 21. Rfd1 Bf6 22. Qa2 (22. Nb3 Bf5 23. Bd4 Be7 $1 24.
Qa2 Re8 25. Nd2 a5 $132) 22... Re8 23. Nf3 Rc2 24. Nd4 Rc4 25. Nb3 Qc7 $1 (
25... Rc2 $2 26. Bxe4 Rxe4 27. Nc5 $18) 26. Nd2 (26. Rxd5 $6 Be6 {[%cal Ge6a2]}
27. R5d3 Rc2 {[%csl Rb2]} 28. Bf4 Qc4 $36) 26... Be6 $1 {Move by move black
improves position of the pieces.} 27. Qb1 Rc2 28. Nxe4 (28. Bf4 $6 Qc8 29. Nxe4
dxe4 30. R3d2 Bb3 $17) 28... dxe4 29. R3d2 Rxd2 $6 {For some reason rejacting
logical} (29... Bb3 $1 30. Rxc2 Bxc2 31. Rc1 (31. Qc1 Bxb2 $19) 31... Bxb1 32.
Rxc7 Bxb2 33. Ra7 (33. Bc1 Bd4 $17) 33... Bxa3 34. Rxa6 Bf8 35. Rb6 Re5 $15 {
with some chanses to win the game.}) 30. Rxd2 Bf5 31. Rd5 Bg6 32. Rc5 Qb8 33.
Qc1 $11 {Now the position is totally balanced and a draw agreement is not far
away.} h5 34. h4 b4 35. Bf4 Qb6 36. axb4 Qxb4 37. Rc8 Qb5 (37... Rxc8 38. Qxc8+
Kh7 39. Qxa6 Qxb2 $11) 38. Rxe8+ Qxe8 39. b4 Qb5 40. e3 Qxb4 41. Qc8+ Kh7 42.
Qxa6 Qb2 43. Kg1 Bc3 44. Bf1 Qa1 1/2-1/2

[Event "Enghien les Bains 3rd"]
[Site "Enghien les Bains"]
[Date "1999.03.07"]
[Round "5"]
[White "Tkachiev, Vladislav"]
[Black "Ponomariov, Ruslan"]
[Result "1/2-1/2"]
[WhiteElo "2634"]
[BlackElo "2609"]
[Annotator "Huzman,A"]
[PlyCount "51"]
[EventDate "1999.03.03"]
[EventType "tourn"]
[EventRounds "9"]
[EventCountry "FRA"]
[EventCategory "15"]
[SourceTitle "CBM 070"]
[Source "ChessBase"]
[SourceDate "1999.06.08"]
[SourceVersion "1"]
[SourceVersionDate "1999.06.08"]
[SourceQuality "1"]

1. d4 d5 2. c4 dxc4 3. e3 Nf6 4. Bxc4 e6 5. Nf3 c5 6. O-O a6 7. Bb3 cxd4 8.
exd4 Nc6 9. Nc3 Be7 10. a3 O-O 11. Bf4 Na5 12. Ba2 b5 13. d5 exd5 14. Nxd5 Nxd5
15. Bxd5 Bb7 (15... Ra7 16. Ne5 Bb7 17. Bxb7 Rxb7 18. Qf3 $14) 16. Bxb7 Nxb7
17. Ne5 {[%cal Gd1f3]} Qxd1 18. Rfxd1 (18. Raxd1 Rfe8 19. Nc6 Bf6 20. b4 Nd8
$15 {[%csl Ra3,Rb4]}) 18... Rfe8 {[%cal Ye7f6,Yf6b2]} 19. Nd7 (19. Rd5 Rac8 20.
Rad1 Bf6 $11) 19... Nc5 20. Nb6 Rad8 $11 21. Nd5 Bf8 22. Kf1 (22. b4 Ne6 23.
Bg3 (23. Be3 Rd6 24. Rd2 f5 25. Rad1 Kf7 $11) 23... f5 24. Rac1 Kf7 $11) 22...
Ne6 23. Be3 f5 24. Rac1 (24. a4 bxa4 25. Rxa4 Rd6 $11 (25... Nc7 26. Rad4 Nxd5
27. Rxd5 Rxd5 28. Rxd5 g6 29. Rd7 Re7 $11)) 24... Rc8 25. Bb6 Kf7 26. g3
1/2-1/2

[Event "Enghien les Bains 3rd"]
[Site "Enghien les Bains"]
[Date "1999.03.09"]
[Round "6"]
[White "Ponomariov, Ruslan"]
[Black "Salov, Valery"]
[Result "1/2-1/2"]
[WhiteElo "2609"]
[BlackElo "2670"]
[Annotator "Ribli,Z"]
[PlyCount "109"]
[EventDate "1999.03.03"]
[EventType "tourn"]
[EventRounds "9"]
[EventCountry "FRA"]
[EventCategory "15"]
[SourceTitle "CBM 070"]
[Source "ChessBase"]
[SourceDate "1999.06.08"]
[SourceVersion "1"]
[SourceVersionDate "1999.06.08"]
[SourceQuality "1"]

{[%mdl 576]} 1. e4 c5 2. Nf3 Nc6 3. d4 cxd4 4. Nxd4 e6 5. Nc3 Qc7 6. Be3 a6 7.
Bd3 {Das ist in letzter Zeit eine sehr beliebte Variante. Ribli.} Nf6 8. O-O
Ne5 {Schwarze droht 9...Nfg4, denn der Läufer steht auf d3 statt auf e2.} 9.
Nf3 {Das ist Ponomariovs Lieblingsvariante. Die Hauptalternative ist 9.h3,
aber auch 9.Be2 ist möglich.} d6 {Schwarz hat keine Angst vor Doppelbauern, er
möchte die Entwicklung ruhig beenden.} 10. Nxe5 (10. a4 b6 {Schwarz darf nicht
11.a5 zulassen.} 11. Nd2 (11. h3 Bb7 12. Qe2 Be7 13. Kh1 O-O 14. Nxe5 dxe5 15.
f4 exf4 16. Bxf4 e5 17. Bg5 Ne8 18. Qh5 Bxg5 19. Qxg5 f6 20. Qh5 Nd6 21. Qe2 {
1-0 Smith,R-Stuart,P/NZD-ch 1986/EXT 86ch2 (78)}) 11... Bb7 12. Be2 d5 13. f4
Bc5 14. Bxc5 Qxc5+ 15. Kh1 Ng6 16. e5 Nd7 17. Nb3 Qe7 18. Nd4 O-O 19. Bd3 Nc5
20. Nce2 {1-0 Ljubojevic,L-Najdorf,M/Buenos Aires 1979/Inf 28 (34)}) 10... dxe5
{Der schwarze Doppelbauer kontrolliert die wichtigsten Zentrumsfelder.} 11. Na4
{[%csl Yb6]} Bd7 $5 (11... Nd7 12. c4 Be7 13. c5 O-O 14. Rc1 Rb8 15. b4 Qd8 16.
Qd2 f5 17. f3 Nf6 18. Rfd1 Bd7 19. Nb6 fxe4 20. Bxe4 $14 {0-1 Teodoro,E-Polgar,
S/North Bay 1996/EXT 97 (39)}) 12. c4 {[%csl Yd4] Weiß mobilisiert seinen
Damenflügel, aber das Feld d4 wird jetzt schwach.} (12. Nb6 Rd8 13. Nxd7 Rxd7
14. Qe2 Bc5 $11) (12. Bb6 $2 Qc6 {[%csl Re4][%cal Rc6a4]}) 12... Bc6 13. Qc2
Qa5 14. Nc3 (14. Nb6 $6 Rd8 15. c5 (15. a3 Ng4 $17 {[%csl Rb6,Re3]}) 15... Ng4
$17 {[%csl Rc5,Re3]}) 14... Bc5 {Um die Schwäche des Feldes d4 offenzulegen,
tauscht Schwarz die schwarzfeldrigen Läufer.} 15. Bxc5 Qxc5 16. a3 $14 {
Weiß plant, seine Bauernmehrheit am Damenflügel mit b2-b4 zu mobilisieren.} b6
(16... a5 $6 17. b4 $14 {[%cal Ga1a8]}) 17. b4 Qe7 18. f3 {Weiß festigt seinen
e4-Bauern und bereitet 19.Qf2 vor.} O-O 19. Qf2 {[%cal Rf2b6]} Nd7 20. Rfd1
Rab8 21. Bf1 {Weiß hat die Initiative am Damenflügel, aber die schwarze
Stellung ist fest. Es ist daher nicht leicht für Weiß voranzukommen.} Rfd8 22.
Rd3 a5 $1 23. Rb1 (23. b5 $6 Ba8 {[%csl Yc5]} 24. Na4 Nc5 (24... Rdc8 25. Rxd7
Qxd7 26. Nxb6 $16 {[%cal Rb6d7,Rb6c8]}) 25. Nxc5 bxc5 $132 {[%csl Yd4]}) 23...
axb4 24. axb4 Nf6 {Schwarz bereitet den Turmtausch in der d-Linie vor.} 25. Qe3
(25. Rxd8+ Qxd8 26. Rd1 Qe7) 25... Rxd3 26. Bxd3 Qd8 $1 {Schwarz verteidigt
den b6-Bauern und bereitet den Zug 27...Qd4 vor.} 27. Be2 (27. Ne2 Ra8 $132)
27... Qd4 28. Kf2 (28. Qxd4 $2 exd4 29. Nd1 Ra8 $15) 28... Kf8 29. Rd1 Qxe3+
30. Kxe3 Ke7 {Weiß hat minimalen Vorteil wegen der Bauernmehrheit am
Damenflügel.} 31. Kd2 Ra8 (31... Rd8+ 32. Kc2 Rxd1 33. Bxd1 $14) 32. Kc2 g5 33.
b5 $6 {Dieser Zug gefällt mir nicht. Weiß schwächt das Feld c5 und seine
Mehrheit am Damenflügel wird unbeweglich.} Be8 34. Kb3 Nd7 {[%cal Gd7c5] Der
schwarze Springer strebt nach c5.} 35. Na4 Nc5+ 36. Nxc5 bxc5 37. h4 h6 (37...
gxh4 38. Rh1 {[%csl Rh4,Rh7]} f6 39. Rxh4 h5 $14) 38. hxg5 hxg5 39. Rh1 {
[%cal Gh1h8,Ga8a1] Weiß hat einen gedeckten Freibauern auf b5, aber das ist
nicht so gefährlich, denn b5-b6 droht nicht. Der weiße Läufer spielt eine
passive Rolle.} Bd7 $11 40. Bd3 Kf6 41. g3 Be8 42. Be2 (42. Rh8 Kg7) 42... Bd7
43. Bd1 Be8 (43... Ra1 44. Kb2 $11) 44. Rh6+ Kg7 {Schwarz verteidigt mögliche
Einbruchsfelder in der h-Linie.} 45. Rh2 Rd8 (45... Kf6) 46. Bc2 Kf6 47. Rh8
Kg7 48. Rh1 {[%cal Gh1a1,Ga1a8]} Ra8 {Schwarz muß die a-Linie halten.} (48...
Kf6 $2 49. Ra1 $14 {[%cal Ga1a8]}) 49. Bd3 Kf6 50. Rh2 Rd8 51. Kc3 Ra8 52. Rb2
Ke7 53. Kd2 (53. b6 Kd6 {[%csl Rb6]}) 53... Kd6 54. Ke3 Ra3 55. Ke2 {Und in
gleicher Stellung wurde remis vereinbart.} 1/2-1/2

[Event "Enghien les Bains 3rd"]
[Site "Enghien les Bains"]
[Date "1999.03.10"]
[Round "7"]
[White "Lautier, Joel"]
[Black "Ponomariov, Ruslan"]
[Result "1-0"]
[WhiteElo "2596"]
[BlackElo "2609"]
[Annotator "Lautier,J"]
[PlyCount "67"]
[EventDate "1999.03.03"]
[EventType "tourn"]
[EventRounds "9"]
[EventCountry "FRA"]
[EventCategory "15"]
[SourceTitle "CBM 070"]
[Source "ChessBase"]
[SourceDate "1999.06.08"]
[SourceVersion "1"]
[SourceVersionDate "1999.06.08"]
[SourceQuality "1"]

1. d4 {Hansen,Cu} Nf6 {Aha, there goes my preparation into the waste-basket. I
had expected 1...d5} 2. Nf3 {Just in case, to discourage any Benko gambit for
example.} c5 {Yes, one can be pretty stubborn at this age.} 3. d5 d6 4. Nc3 {
I gave him the long look, and boldly entered new (for me) territory.} g6 5. e4
Bg7 6. Be2 O-O 7. O-O Na6 {Time to take stock. My only knowledge of this
position was a vague recollection of an old Smyslov game against Schmid
himself, the inventor of Black's system. I remembered White applied the
standard Nd2-c4 manoeuvre, to which Black replied ...Nc7, followed by ...b6
and ...Ba6. The one thing that was carved in my memory was the move b2-b3 for
White, together with the fact that Smyslov had won a beautiful game, or hadn't
he? So off I went...} 8. Nd2 Nc7 9. a4 b6 {Hansen,Cu: 'White has a certain ()
in the center. Black normally directs his counterattack against the small
P-chain e4-d5 by either b6-b5 (if possible) to drive Nc3 away from the
protection of e4. Or he plays e7-e6 to destroy whites center.'} 10. Nc4 Ba6 11.
Bg5 $6 {Well, I almost got it right. As I found out afterwards, Smyslov had
played the stronger} (11. Bf4 $1 Rb8 12. b3 $1 {and duly won in brilliant
style against Schmid in the Helsinki olympiad from 1952. So what is the big
idea behind b2-b3 anyway? It's not hard to guess what Black is after in this
opening: he wishes to swap on c4 at the appropriate moment and follow-up with .
..a7-a6 and ...b6-b5. Smyslov's move stops him dead in his tracks: White will
just take back on c4 with the pawn, after which no earthly power can implement
...b6-b5.}) 11... Qd7 $1 {It now dawned on me that I must have pushed my
bishop one square too far, as it would have been much handier to have it on f4
in order to stop ...e7-e6, the next move on Black's agenda.} (11... Bxc4 {
is premature, as Black is unable to set his queenside pawns in motion after}
12. Bxc4 a6 {Hansen,Cu: 'would be a thematic continuation followed by for
example Nf6-d7'} 13. Qe2 {controlling b5 and preventing ...Rb8 since the
a6-pawn hangs.}) 12. b3 $6 {'!?' Hansen,Cu. Yes, such is my faith in the great
Vassily Vassilievich. Almost any other move would have been stronger. Hansen,
Cu: 'A slightly unusual move'} e6 $1 (12... Bxc4 {Hansen,Cu} 13. bxc4 $5 {
would stop blacks normal counterpush b6-b5 forever for the prize of a slightly
weakened P-structure.}) 13. Qd2 (13. dxe6 $2 {invites disaster:} Qxe6 $1 14.
Qd3 (14. Qxd6 Bxc4 15. Qxc7 Bxe2 16. Nxe2 Nxe4 $17) 14... Nxe4 15. Nxe4 d5 $17)
13... exd5 14. exd5 {Hansen,Cu: 'Black now only has slight problem. The Nc7 is
potentially bad placed but only if black does not manage to put P-d5 under
pressure '} Rfe8 {Not too surprisingly, Black has equalized comfortably. As a
matter of fact, his pieces coordinate very nicely, while just about every
single piece of mine is a potential tactical target. My next move is quite
forced, as Black is about to land a haymaker with 15...Ne4.} 15. Bf3 Ng4 16. h3
Ne5 17. Be2 Nxc4 $6 {The whole concept of exchanging pieces doesn't appeal to
me. I think Black would be better off keeping the tension with 17...f5} (17...
Bxc4 $6 {would amount to the same thing after} 18. Bxc4 (18. bxc4 $6 {is
clearly worse, e.g.} f5 19. Ra3 {/\ Nb5} Nf7 20. Bf4 Re7 (20... Bxc3 $5 21.
Rxc3 Qxa4) 21. Nb5 Rae8 $36) (18. bxc4 {[%csl Re5][%cal Rf2f4] Hansen,Cu})
18... Nxc4 19. bxc4) (17... f5 $142 {planning to regroup with ...Nf7.}) 18.
Bxc4 (18. bxc4 $4 {is strategically desirable, but tactically flawed:} Bxc3 19.
Qxc3 Rxe2 $19) 18... Bxc4 {'?' Hansen,Cu.} (18... Bb7 $5 {[%cal Yc7d5,Yb7d5,
Ya7a6,Yb6b5,Yg7a1] Hansen,Cu Black could go back to his old plan of putting d5
under pressure and trying to push through a7-a6 and b6-b5. It would not have
been easy for white to stop blacks b-P from moving forward} 19. Rae1 a6 20. Qd3
Rxe1 (20... f5 $132) 21. Rxe1 Re8 {And I think white has more problems
stopping b6-b5 and hanging on to d5 than black has with Nc7}) 19. bxc4 {
'+/=' Hansen,Cu. Hansen,Cu: 'Now black will clearly never be able to put d5
under pressure, and b6-b5 will also be impossible to force through. This means
Nc7 is rather badly placed.'} a6 $6 {Black overestimates his chances. The
piece exchanges that just took place have actually improved my position, as
Black still has to find use for his clumsy c7-knight.} (19... Qf5 {was
expected, when after} 20. Ra3 {preparing Nb5, I would prefer White, though
Black's game is perfectly playable.}) 20. Rab1 Rab8 21. Rb3 f5 $2 {A gruesome
weakening. It is not clear what this move achieves for Black, while White is
handed a magnificent e6-outpost and a softening of the g6-square on a silver
platter. Hansen,Cu: 'In connection with the following black N-manouvre this
move makes a rather bad impression.'} (21... b5 $2 {was undoubtedly my
opponent's intention, until he saw through my devious trick:} 22. axb5 axb5 23.
Nxb5 Nxb5 24. Rfb1 $1 Nc3 25. Rxb8 Nxb1 26. Rxb1 Qa4 27. Qd3 $16 {when White
stays a pawn to the good.}) (21... Rb7 {should have been played, when nothing
dismal has yet happened to Black's position:} 22. Rfb1 Reb8 23. Qd3 $14) 22.
Rfb1 Na8 {Black's position, and this move in particular, bear a strong
resemblance to some women portraits by Picasso. Hansen,Cu: 'Black had just
found a new job to do for Nc7. Cover the weak square e6. Unfortunately b6 has
to be covered as well'} 23. h4 $1 $16 {According to the well-known "principle
of the two weaknesses". Having already achieved maximum pressure on the
queenside, White needs to open a second front on the kingside in order to
stretch Black's defences to breaking point. The g6-pawn is particularly
vulnerable, since White can attack it easily with Ne2-f4 and Rb3-g3.} h5 (23...
Bxc3 {is hardly worth considering:} 24. Qxc3 Qxa4 25. Ra3 Qd7 26. Rxa6 $16) 24.
a5 Qc7 (24... b5 $2 {loses on the spot:} 25. cxb5 Bxc3 26. Qxc3 axb5 27. Qf6
$18) 25. Ne2 $1 {'+-!' Hansen,Cu.} bxa5 26. Nf4 Rb4 {Best under the
circumstances. Black is overrun after both} (26... Rxb3 27. cxb3 Kh7 28. Ne6
Qb7 (28... Qb6 29. Nxg7 Kxg7 30. Qc3+ Kh7 31. Qf6 Qc7 32. Bf4 $18) 29. Bf4 $16)
({and} 26... a4 27. Ne6 Qa7 28. Rxb8 Rxb8 29. Rxb8+ Qxb8 30. Nxg7 Kxg7 31. Qc3+
Kh7 32. Qf6 Qe8 33. Qxd6 a3 34. Qxa6 $18) 27. Re1 $1 {Timing is important in
the attack: threats should come with tempo whenever possible!} Qf7 (27... Be5
28. Nxg6 $40) (27... Rxe1+ $142 {was mandatory} 28. Qxe1 Qf7 29. Re3 Be5 30.
Nd3 Rxc4 31. Nxe5 dxe5 32. Rxe5 Re4 33. Rxe4 fxe4 34. Qxe4 Nb6 35. d6 $16) 28.
Re6 $1 {After this hammerblow, Black's structure falls to bits.} Rxc4 (28...
Nb6 $8 {was the stiffest defence, although after} 29. Rxg6 ({Unsatisfactory is
} 29. Qe2 Be5 $1 (29... Rxe6 30. dxe6 Qe8 31. e7 Be5 32. Ne6 $18) 30. Rxg6+
Qxg6 31. Nxg6 Bh2+ $36) 29... Nxc4 30. Qd1 Ne5 31. Rxd6 a4 32. Rxb4 cxb4 33.
Nxh5 $40 {Black can't hold out for long.}) 29. Rb7 $1 Qxb7 30. Rxe8+ Kh7 31.
Re7 Qb1+ ({Or} 31... Nc7 32. Bf6 Qb1+ 33. Kh2 Ne8 34. Ne6 $18) 32. Kh2 Rxc2 33.
Qe3 Qb2 34. Qe6 1-0